| 000 | 01088cam a22003011 4500 | ||
|---|---|---|---|
| 001 | 4239 | ||
| 003 | UkOxU | ||
| 005 | 20211208233847.0 | ||
| 008 | 131222s1966 dcua 000 0 eng | ||
| 035 | _a(OCoLC)487255 | ||
| 035 | _a(CU)GLAD100837104 | ||
| 035 | _a(CStRLIN)CUBGGLAD100837104-B | ||
| 040 |
_aDLC _cDLC _dCU _beng |
||
| 041 | _aeng | ||
| 082 |
_a338.4762131213 _bTAE 1966 |
||
| 100 | 1 |
_aTak, Herman G. _912791 |
|
| 245 | 1 | 4 |
_aThe economic choice between hydroelectric and thermal power developments, _bwith a note on joint costs in multipurpose projects / _c[by] Herman G. van der Tak. |
| 260 |
_a[Washington, _bInternational Bank for Reconstruction and Development]; distributed by Johns Hopkins Press _cc1966 |
||
| 300 |
_ax, 70 p. _billus. _c23 cm. |
||
| 490 | 1 |
_aWorld Bank staff occasional papers, _vno. 1 |
|
| 650 | 0 |
_aElectric power-plants _xCosts _913433 |
|
| 650 | 0 |
_aHydroelectric power plants. _913434 |
|
| 830 | 0 |
_vno. 1 _913435 |
|
| 830 | 0 |
_aWorld Bank staff occasional papers, _913436 |
|
| 942 |
_2ddc _cBK |
||
| 999 |
_c4239 _d4239 |
||